| 000 | 00423 a2200169 4500 | ||
|---|---|---|---|
| 020 | _a9788132107453 | ||
| 024 | _a9788132107453 | ||
| 082 | _a658.301 | ||
| 090 |
_c7000 _d7000 |
||
| 100 | _aMcGuire,David | ||
| 245 |
_aHuman Resource Development. _bTheory & Practice. _cDavid McGuire |
||
| 250 | _a1st. | ||
| 260 |
_aNew Delhi _bSAGE _c2011 |
||
| 300 | _a242p. | ||
| 500 | _aPaper Cover | ||
| 942 |
_aNBS _cBK _k658.301 MCG |
||
| 999 |
_c349334 _d349334 |
||